=LDR 00000nam 2200000 4500 =001 INLIS000000000052984 =005 20180321082431 =035 ##$$a 0010-0318000211 =007 ta =008 180321###########################0###### =020 ##$$a 979-021-299-1 =082 ##$$a 642.6 =084 ##$$a 642.6 DRA m =100 #$$a Dra yuni astuti =245 1#$$a Menutup meja dan menghidangkan /$c Dra yuni astuti =260 ##$$a Jakarta :$b Sinar Cemerlang Abadi,$c 2007 =300 ##$$a 55 hlm : $b Ilus ; $c 20 cm =650 ##$$a Tata meja =504 ##$$a Bibliografi : hlm. 55 =990 ##$$a 62176217 =990 ##$$a 62176217 =990 ##$$a 62176217 =990 ##$$a 62176217 =990 ##$$a 62176217 =990 ##$$a 21710271 =990 ##$$a 01201806217 =990 ##$$a 01201806218 =990 ##$$a 01201806219 =990 ##$$a 01201806220 =990 ##$$a 21710272 =990 ##$$a 01201806217 =990 ##$$a 01201806218 =990 ##$$a 01201806219 =990 ##$$a 21710271 =990 ##$$a 21710273 =990 ##$$a 01201806217 =990 ##$$a 01201806218 =990 ##$$a 21710272 =990 ##$$a 21710271 =990 ##$$a 21710274 =990 ##$$a 01201806217 =990 ##$$a 21710273 =990 ##$$a 21710272 =990 ##$$a 21710271 =990 ##$$a 21710275 =990 ##$$a 21710274 =990 ##$$a 21710273 =990 ##$$a 21710272 =990 ##$$a 21710271